<?xml version="1.0" encoding="UTF-8"?>
<record
    xmlns:xsi="http://www.w3.org/2001/XMLSchema-instance"
    xsi:schemaLocation="http://www.loc.gov/MARC21/slim http://www.loc.gov/standards/marcxml/schema/MARC21slim.xsd"
    xmlns="http://www.loc.gov/MARC21/slim">

  <leader>00419    a2200133   4500</leader>
  <controlfield tag="001">ART_46176</controlfield>
  <controlfield tag="005">20260410162053.0</controlfield>
  <controlfield tag="008">260409a                                 </controlfield>
  <datafield tag="245" ind1="1" ind2="0">
    <subfield code="a">Gesti&#xF3;n social de vac&#xED;os urbanos en la ciudad Aut&#xF3;noma de Buenos Aires</subfield>
  </datafield>
  <datafield tag="100" ind1="1" ind2=" ">
    <subfield code="a">Cavalieri, Mariana</subfield>
  </datafield>
  <datafield tag="700" ind1="1" ind2=" ">
    <subfield code="a">Gerscovich, Alicia</subfield>
  </datafield>
  <datafield tag="700" ind1="1" ind2=" ">
    <subfield code="a">Wainstein-Krasuk, Olga</subfield>
  </datafield>
  <datafield tag="773" ind1="0" ind2=" ">
    <subfield code="t">Pampa</subfield>
    <subfield code="g">- A&#xF1;o 6, N&#xBA; 6 (nov. 2010)</subfield>
    <subfield code="w">REV46129</subfield>
  </datafield>
  <datafield tag="999" ind1=" " ind2=" ">
    <subfield code="c">36029</subfield>
    <subfield code="d">36029</subfield>
  </datafield>
</record>
